[Event "MCRE_PF11"]
[Site "?"]
[Date "2002.??.??"]
[Round "?"]
[White "Tkac, Leopold"]
[Black "Mikoska, Josef"]
[Result "0-1"]
[WhiteElo "2115"]
[BlackElo "2140"]
[PlyCount "71"]
[EventDate "2002.??.??"]
[EventType "schev (corr)"]
[EventRounds "2"]

1. c4 Nf6 2. Nf3 g6 3. d4 c5 4. d5 d6 5. Nc3 Bg7 6. e4 O-O 7. Be2 e6 8. O-O
exd5 9. exd5 Re8 10. Re1 Bg4 11. h3 Bxf3 12. Bxf3 Rxe1+ 13. Qxe1 Nbd7 14. Rb1
Qf8 15. Bf4 Re8 16. Qd2 Qe7 17. Be3 Nb6 18. b3 a6 19. a3 Qc7 20. Re1 Nbd7 21.
Bf4 Ne5 22. Bxe5 Rxe5 23. Rxe5 dxe5 24. d6 Qd7 25. b4 b6 26. Bg4 Qd8 27. bxc5
bxc5 28. Na4 h5 29. Be2 Nd7 30. Qd5 Qa5 31. Qa8+ Kh7 32. Qc6 e4 33. Bf1 Bd4 34.
Qxd7 Kg7 35. Nxc5 Qxc5 36. Qa4 0-1

[Event "MCRE_PF11"]
[Site "?"]
[Date "2002.??.??"]
[Round "?"]
[White "Mikoska, Josef"]
[Black "Tkac, Leopold"]
[Result "1-0"]
[WhiteElo "2140"]
[BlackElo "2115"]
[PlyCount "74"]
[EventDate "2002.??.??"]
[EventType "schev (corr)"]
[EventRounds "2"]

1. e4 e5 2. Nf3 Nf6 3. Nxe5 d6 4. Nf3 Nxe4 5. d4 d5 6. Bd3 Bd6 7. O-O O-O 8. c4
c6 9. Re1 Re8 10. Qb3 Na6 11. c5 Bc7 12. Nc3 Bf5 13. Qxb7 Nexc5 14. dxc5 Bxd3
15. Qxc6 Rxe1+ 16. Nxe1 Bc4 17. Bg5 Qe8 18. Qxe8+ Rxe8 19. Be3 Be5 20. Nf3 Bf6
21. Bd4 Bxd4 22. Nxd4 Nxc5 23. b3 Ne4 24. Nxe4 Rxe4 25. Nc6 Bb5 26. f3 Re6 27.
Nd4 Rb6 28. Rc1 Ba6 29. Rc7 Bb7 30. Kf2 h6 31. Nf5 Kh7 32. Rxf7 Kg6 33. Nd6
Rxd6 34. Rxb7 a6 35. Ke3 Kf6 36. Kd4 Re6 37. a4 Re2 1-0

[Event "MCRE_PF11"]
[Site "?"]
[Date "2002.??.??"]
[Round "?"]
[White "Mikoska, Josef"]
[Black "Prchly, Milos"]
[Result "1/2-1/2"]
[WhiteElo "2140"]
[BlackElo "2270"]
[PlyCount "47"]
[EventDate "2002.??.??"]
[EventType "schev (corr)"]
[EventRounds "2"]

1. e4 e5 2. Nf3 Nf6 3. Nxe5 d6 4. Nf3 Nxe4 5. d4 d5 6. Bd3 Be7 7. O-O Nc6 8.
Re1 Bg4 9. c3 f5 10. Nbd2 O-O 11. Qb3 Kh8 12. Qxb7 Rf6 13. Qb3 Rb8 14. Qa4 Bd6
15. Bb5 Nxd2 16. Ne5 Ne4 17. Bxc6 Bxe5 18. dxe5 Rg6 19. Bb5 c5 20. Bf1 Nxf2 21.
Qxa7 Nh3+ 22. Kh1 Nf2+ 23. Kg1 Nh3+ 24. Kh1 1/2-1/2

[Event "MCRE_PF11"]
[Site "?"]
[Date "2002.??.??"]
[Round "?"]
[White "Prchly, Milos"]
[Black "Mikoska, Josef"]
[Result "1/2-1/2"]
[WhiteElo "2270"]
[BlackElo "2140"]
[PlyCount "84"]
[EventDate "2002.??.??"]
[EventType "schev (corr)"]
[EventRounds "2"]

1. d4 Nf6 2. c4 g6 3. Nc3 d5 4. cxd5 Nxd5 5. e4 Nxc3 6. bxc3 Bg7 7. Bc4 c5 8.
Ne2 Nc6 9. Be3 O-O 10. O-O Na5 11. Bd3 Bg4 12. Rc1 e5 13. d5 b6 14. f3 Bd7 15.
c4 Nb7 16. Nc3 f5 17. exf5 gxf5 18. Qb3 Qh4 19. Nb5 e4 20. g3 Qe7 21. Bb1 Bxb5
22. cxb5 Nd6 23. a4 Rae8 24. Rcd1 Be5 25. Kh1 Qg7 26. Qc2 Qg6 27. Qe2 Qh5 28.
Bc1 Rf6 29. Rd2 e3 30. f4 Qf7 31. Rd3 Bd4 32. Ba2 Re4 33. Kg1 Rg6 34. Rf3 Rg7
35. Kh1 Qh5 36. Kg2 Rxf4 37. Rfxe3 Qxe2+ 38. Rxe2 Re4 39. Rxe4 fxe4 40. Rd1 e3
41. Re1 Re7 42. Re2 Kf8 1/2-1/2

[Event "MCRE_PF11"]
[Site "?"]
[Date "2002.??.??"]
[Round "?"]
[White "Mikoska, Josef"]
[Black "Ryska, Jiri"]
[Result "1-0"]
[WhiteElo "2140"]
[BlackElo "2235"]
[PlyCount "95"]
[EventDate "2002.??.??"]
[EventType "schev (corr)"]
[EventRounds "2"]

1. e4 e5 2. Nf3 Nc6 3. Bb5 a6 4. Ba4 Nf6 5. O-O Be7 6. Re1 b5 7. Bb3 d6 8. c3
O-O 9. h3 Nb8 10. d4 Nbd7 11. Nh4 g6 12. Nf3 c5 13. Bh6 Re8 14. Nbd2 c4 15. Bc2
Bf8 16. Bxf8 Nxf8 17. b3 cxb3 18. axb3 Qc7 19. c4 Bb7 20. Bd3 b4 21. c5 dxc5
22. dxe5 Nh5 23. Nc4 Red8 24. Qd2 Nf4 25. Nd6 Nxd3 26. Qxd3 Ne6 27. Qe3 Rd7 28.
Red1 Bc6 29. Rac1 Qb6 30. Nh2 h5 31. Nf3 Rad8 32. Qd2 Bxe4 33. Ng5 Bf5 34. Nxe6
Bxe6 35. Qc2 a5 36. Ra1 Rc7 37. Kh2 Rc6 38. f4 Qc7 39. Nb5 Qb6 40. Nd6 h4 41.
Rd3 Ra8 42. Rad1 a4 43. f5 Bxb3 44. Rxb3 axb3 45. Qc4 Qc7 46. fxg6 Qe7 47.
gxf7+ Kf8 48. Qf4 1-0

[Event "MCRE_PF11"]
[Site "?"]
[Date "2002.??.??"]
[Round "?"]
[White "Mikoska, Josef"]
[Black "Hnilicka, Michal"]
[Result "1/2-1/2"]
[WhiteElo "2140"]
[BlackElo "2175"]
[PlyCount "79"]
[EventDate "2002.??.??"]
[EventType "schev (corr)"]
[EventRounds "2"]

1. e4 e5 2. Nf3 Nf6 3. Nxe5 d6 4. Nf3 Nxe4 5. d4 d5 6. Bd3 Bd6 7. O-O O-O 8. c4
c6 9. Re1 Bg4 10. cxd5 cxd5 11. Bxe4 dxe4 12. Rxe4 Bf5 13. Re1 Nc6 14. Nc3 Bg4
15. Be3 Re8 16. a3 Rc8 17. Rc1 a6 18. h3 Bh5 19. Nb1 h6 20. Nbd2 b5 21. b4 Rc7
22. Qb3 Ne7 23. Ne5 Nf5 24. Rxc7 Bxc7 25. g4 Nxe3 26. Qxe3 Bg6 27. Ndf3 Bh7 28.
Rc1 Re7 29. Qc3 Qd6 30. Qc6 Qxc6 31. Nxc6 Re8 32. Na5 Bf4 33. Rc3 Be4 34. Nb3
Bd5 35. Nc5 Ra8 36. Nh4 a5 37. bxa5 Bd2 38. Rc2 Bxa5 39. Nf5 Bd8 40. Ne3
1/2-1/2

[Event "MCRE_PF11"]
[Site "?"]
[Date "2002.??.??"]
[Round "?"]
[White "Hnilicka, Michal"]
[Black "Mikoska, Josef"]
[Result "1-0"]
[WhiteElo "2175"]
[BlackElo "2140"]
[PlyCount "41"]
[EventDate "2002.??.??"]
[EventType "schev (corr)"]
[EventRounds "2"]

1. e4 e5 2. Nf3 Nc6 3. Bb5 a6 4. Ba4 Nf6 5. O-O Bc5 6. c3 Ba7 7. d4 O-O 8. Bg5
h6 9. Bh4 exd4 10. e5 g5 11. Nxg5 hxg5 12. exf6 Qxf6 13. Qg4 d6 14. Qxg5+ Qxg5
15. Bxg5 Kg7 16. Nd2 f6 17. Bf4 Ne5 18. Bc2 Be6 19. cxd4 Bxd4 20. Be3 Rh8 21.
Bxd4 1-0

[Event "MCRE_PF11"]
[Site "?"]
[Date "2002.??.??"]
[Round "?"]
[White "Prchly, Milos"]
[Black "Glaser, Karel"]
[Result "1/2-1/2"]
[WhiteElo "2270"]
[BlackElo "2015"]
[PlyCount "91"]
[EventDate "2002.??.??"]
[EventType "schev (corr)"]
[EventRounds "2"]

1. d4 Nf6 2. c4 e6 3. Nc3 Bb4 4. e3 O-O 5. Bd3 c5 6. Nf3 b6 7. O-O Bb7 8. Na4
cxd4 9. exd4 Re8 10. Bg5 Be7 11. Re1 d6 12. Rc1 Nbd7 13. Nc3 h6 14. Bf4 a6 15.
a3 Ra7 16. Nd2 Qa8 17. Bf1 d5 18. b4 dxc4 19. Nxc4 Rd8 20. Ne3 Bc6 21. d5 Nf8
22. Qd4 b5 23. Bxh6 Ng6 24. Bg5 Nxd5 25. Bxe7 Ndxe7 26. Qg4 Rad7 27. Red1 Qb8
28. Rxd7 Rxd7 29. a4 f5 30. Qe2 bxa4 31. Nc4 Nf8 32. Qb2 f4 33. Qa3 Nd5 34.
Nxa4 Qxb4 35. Nc5 Qxa3 36. Nxa3 Ra7 37. Nxa6 Ne7 38. g3 e5 39. Nb4 Rxa3 40.
Nxc6 Nxc6 41. Rxc6 Ra1 42. Ra6 Rc1 43. f3 Kf7 44. Kg2 Ne6 45. Bd3 Nc5 46. Bg6+
1/2-1/2

[Event "MCRE_PF11"]
[Site "?"]
[Date "2002.??.??"]
[Round "?"]
[White "Glaser, Karel"]
[Black "Prchly, Milos"]
[Result "0-1"]
[WhiteElo "2015"]
[BlackElo "2270"]
[PlyCount "100"]
[EventDate "2002.??.??"]
[EventType "schev (corr)"]
[EventRounds "2"]

1. e4 e5 2. Nf3 Nf6 3. Nxe5 d6 4. Nf3 Nxe4 5. d4 d5 6. Bd3 Be7 7. O-O Nc6 8.
Re1 Bg4 9. c3 f5 10. Qb3 Qd6 11. Be2 O-O-O 12. Nbd2 Rhe8 13. h3 Bxf3 14. Nxf3
Bf6 15. Be3 f4 16. Bc1 Re7 17. Qc2 Rde8 18. Bb5 g5 19. Nd2 Nxf2 20. Rxe7 Qxe7
21. Qf5+ Kb8 22. Nf3 Ne4 23. Qxd5 Rd8 24. Qb3 Qd6 25. Qc2 Ng3 26. Kh2 h5 27.
Bxc6 Qxc6 28. Bd2 Ne4 29. Re1 Nxd2 30. Qxd2 g4 31. Ne5 Bxe5 32. Rxe5 gxh3 33.
Kxh3 f3 34. Qg5 Rc8 35. Re7 fxg2 36. Qxg2 Qf6 37. Qe4 Qf1+ 38. Kh2 Qf2+ 39. Kh1
Qxb2 40. Re8 Qb1+ 41. Qe1 Qxe1+ 42. Rxe1 c5 43. Re5 cxd4 44. cxd4 Rc4 45. Rxh5
Rxd4 46. a3 Rg4 47. Kh2 a6 48. Rh3 Ka7 49. Rb3 b5 50. Kh3 Rg8 0-1

[Event "MCRE_PF11"]
[Site "?"]
[Date "2002.??.??"]
[Round "?"]
[White "Tkac, Leopold"]
[Black "Glaser, Karel"]
[Result "1-0"]
[WhiteElo "2115"]
[BlackElo "2015"]
[PlyCount "107"]
[EventDate "2002.??.??"]
[EventType "schev (corr)"]
[EventRounds "2"]

1. c4 Nf6 2. d4 e6 3. Nc3 Bb4 4. e3 O-O 5. Bd3 c5 6. Nf3 b6 7. O-O Bb7 8. Bd2
cxd4 9. exd4 d5 10. cxd5 Nxd5 11. Qc2 Nf6 12. d5 exd5 13. a3 Be7 14. Rae1 Nbd7
15. Bf5 Re8 16. Bg5 h6 17. Bh4 Qc7 18. Rxe7 Rxe7 19. Nxd5 Nxd5 20. Qxc7 Nxc7
21. Bxe7 Re8 22. Bd6 Ne6 23. Rd1 Nf6 24. Nd2 Rd8 25. Be7 Rd5 26. Bb1 Nh5 27. f3
Nhf4 28. Be4 Rd7 29. Bxb7 Rxb7 30. Bd6 Nd3 31. Nc4 b5 32. Rxd3 bxc4 33. Rd2 Rd7
34. Kf2 Nc5 35. Ke3 Nb3 36. Rd5 f6 37. Ke4 a5 38. Rd1 a4 39. f4 Kf7 40. g4 g6
41. f5 Na5 42. Rd5 Nc6 43. fxg6+ Kxg6 44. h4 Kf7 45. Bf4 Re7+ 46. Kf3 Re6 47.
Rd7+ Ke8 48. Rd1 Kf7 49. h5 Ne5+ 50. Bxe5 Rxe5 51. Rd7+ Ke6 52. Rc7 Kd5 53. Ra7
Rf5+ 54. gxf5 1-0

[Event "MCRE_PF11"]
[Site "?"]
[Date "2002.??.??"]
[Round "?"]
[White "Nemec, Zdenek"]
[Black "Hnilicka, Michal"]
[Result "0-1"]
[WhiteElo "2130"]
[BlackElo "2175"]
[PlyCount "64"]
[EventDate "2002.??.??"]
[EventType "schev (corr)"]
[EventRounds "2"]

1. e4 e5 2. Nf3 Nf6 3. Nxe5 d6 4. Nf3 Nxe4 5. d4 d5 6. Bd3 Bd6 7. O-O O-O 8. c4
c6 9. cxd5 cxd5 10. Nc3 Nxc3 11. bxc3 Bg4 12. h3 Bh5 13. Rb1 Nd7 14. Rb5 Nb6
15. c4 Bxf3 16. Qxf3 dxc4 17. Bc2 Qd7 18. a4 Rfe8 19. Bf5 Qc7 20. Be4 a6 21.
Rg5 Rxe4 22. Qxe4 Nxa4 23. Re1 g6 24. Rg4 Bb4 25. Re3 Qd7 26. Qc2 b5 27. Rf3
Nb6 28. Bh6 Nd5 29. Rf5 a5 30. Qe4 Rd8 31. Qc2 a4 32. Re5 a3 0-1

[Event "MCRE_PF11"]
[Site "?"]
[Date "2002.??.??"]
[Round "?"]
[White "Hnilicka, Michal"]
[Black "Nemec, Zdenek"]
[Result "1-0"]
[WhiteElo "2175"]
[BlackElo "2130"]
[PlyCount "89"]
[EventDate "2002.??.??"]
[EventType "schev (corr)"]
[EventRounds "2"]

1. e4 e5 2. Nf3 Nf6 3. Nxe5 d6 4. Nf3 Nxe4 5. d4 d5 6. Bd3 Nc6 7. O-O Bg4 8. c4
Nf6 9. Nc3 Bxf3 10. Qxf3 Nxd4 11. Qh3 Ne6 12. cxd5 Nxd5 13. Bb5+ c6 14. Rd1 a6
15. Rxd5 Qc7 16. Ba4 b5 17. Rh5 bxa4 18. Rxh7 Rxh7 19. Qxh7 O-O-O 20. Qc2 Bc5
21. Qxa4 Qb6 22. Qc2 Bd4 23. Qe2 Kb7 24. h3 Qc5 25. a4 Qe5 26. Qxe5 Bxe5 27.
Be3 c5 28. Ne4 Bd4 29. Rc1 Rd5 30. Kf1 f5 31. Bxd4 cxd4 32. Nd2 d3 33. Re1 Nc5
34. Re7+ Kc6 35. Rxg7 Ne4 36. Nxe4 fxe4 37. Rg6+ Kc7 38. Ke1 Rc5 39. Re6 Rc1+
40. Kd2 Rc2+ 41. Kd1 Re2 42. h4 Kd7 43. Re5 Kd6 44. Rf5 Rxb2 45. h5 1-0

[Event "MCRE_PF11"]
[Site "?"]
[Date "2002.??.??"]
[Round "?"]
[White "Hnilicka, Michal"]
[Black "Glaser, Karel"]
[Result "1-0"]
[WhiteElo "2175"]
[BlackElo "2015"]
[PlyCount "85"]
[EventDate "2002.??.??"]
[EventType "schev (corr)"]
[EventRounds "2"]

1. e4 e5 2. Nf3 Nc6 3. Bb5 a6 4. Ba4 Nf6 5. O-O Be7 6. Re1 b5 7. Bb3 d6 8. c3
O-O 9. h3 Bb7 10. d4 Re8 11. Nbd2 Bf8 12. a4 h6 13. d5 Nb8 14. c4 c6 15. dxc6
Bxc6 16. axb5 axb5 17. Rxa8 Bxa8 18. cxb5 Nbd7 19. Nh2 Nc5 20. Bc2 d5 21. exd5
Qxd5 22. Ndf3 Qb7 23. Nh4 e4 24. Ng4 Nd5 25. Nf5 Qc8 26. Ngxh6+ gxh6 27. Nxh6+
Bxh6 28. Bxh6 Nf6 29. Qd6 Qf5 30. Ra1 Ncd7 31. Ra7 Bd5 32. Be3 Kh7 33. b6 Re6
34. Qg3 Rxb6 35. Qh4+ Kg8 36. Rxd7 Nxd7 37. Bxb6 Nxb6 38. Qd8+ Kg7 39. Qxb6 Qf6
40. Qxf6+ Kxf6 41. b4 Ke5 42. b5 f5 43. h4 1-0

[Event "MCRE_PF11"]
[Site "?"]
[Date "2002.??.??"]
[Round "?"]
[White "Glaser, Karel"]
[Black "Hnilicka, Michal"]
[Result "0-1"]
[WhiteElo "2015"]
[BlackElo "2175"]
[PlyCount "124"]
[EventDate "2002.??.??"]
[EventType "schev (corr)"]
[EventRounds "2"]

1. e4 e5 2. Nf3 Nf6 3. Nxe5 d6 4. Nf3 Nxe4 5. d4 d5 6. Bd3 Bd6 7. O-O O-O 8. c4
c6 9. Re1 Bg4 10. Bxe4 dxe4 11. Rxe4 f5 12. Re1 Bxf3 13. Qxf3 Qh4 14. h3 Qxd4
15. Qb3 Qb6 16. Qxb6 axb6 17. Nc3 Nd7 18. Rd1 Rf6 19. Bg5 Re6 20. Be3 Nc5 21.
Rac1 f4 22. Bxc5 bxc5 23. Rc2 Rae8 24. Kf1 Be5 25. Ne4 b6 26. b3 R6e7 27. Re2
h6 28. Red2 Bd4 29. Nd6 Rf8 30. Re2 Rd7 31. Ne4 f3 32. gxf3 Rxf3 33. Kg2 Rf8
34. Rd3 Ra7 35. b4 Ra4 36. bxc5 bxc5 37. Rc2 Rfa8 38. Rdd2 Ra3 39. Re2 Kh7 40.
Nd6 Rf8 41. Re6 Rff3 42. Ne4 Rxh3 43. Rxc6 Rh5 44. Rc8 Re5 45. Nd6 Rg5+ 46. Kf1
Rh3 47. Rf8 Rh1+ 48. Ke2 h5 49. Rf5 Kg6 50. Rxg5+ Kxg5 51. Kf3 h4 52. Re2 Rc1
53. Ne4+ Kh5 54. Nxc5 Rc3+ 55. Kg2 h3+ 56. Kh2 Bxc5 57. Re5+ Kg4 58. Rxc5 Rc2
59. Kg1 Rc1+ 60. Kh2 Rf1 61. f3+ Rxf3 62. Rd5 Rf2+ 0-1

[Event "MCRE_PF11"]
[Site "?"]
[Date "2002.??.??"]
[Round "?"]
[White "Glaser, Karel"]
[Black "Tkac, Leopold"]
[Result "1-0"]
[WhiteElo "2015"]
[BlackElo "2115"]
[PlyCount "121"]
[EventDate "2002.??.??"]
[EventType "schev (corr)"]
[EventRounds "2"]

1. e4 e5 2. Nf3 Nc6 3. Bb5 a6 4. Ba4 Nf6 5. O-O b5 6. Bb3 Bb7 7. Re1 Bc5 8. c3
Bb6 9. d4 O-O 10. Be3 exd4 11. cxd4 Na5 12. Bg5 h6 13. Bh4 Re8 14. Nc3 Nxb3 15.
Qxb3 g5 16. Bg3 d6 17. d5 Ba5 18. Nd2 Nh5 19. Nf1 Qf6 20. Rac1 Bb6 21. Rc2 Rab8
22. a3 Bc8 23. Rce2 Bg4 24. Rd2 Nxg3 25. Nxg3 h5 26. Nf1 Bd7 27. Qc2 Rbc8 28.
h3 a5 29. Qd3 h4 30. Nxb5 Qf4 31. Nd4 a4 32. Rc2 Bc5 33. Nc6 Ra8 34. Nh2 f5 35.
e5 Bxc6 36. dxc6 Rxe5 37. Rxe5 Qxe5 38. Re2 Qd4 39. Qc2 Qf6 40. Qc4+ Kf8 41.
Nf3 Rb8 42. Qc1 Re8 43. Rxe8+ Kxe8 44. Nxg5 Qe5 45. Kf1 Bb6 46. Qc4 d5 47. Qb4
f4 48. Nf3 Qf5 49. Qe1+ Kf8 50. Qd1 Qe4 51. b3 Ke7 52. bxa4 Kd6 53. Nxh4 Kxc6
54. Qb3 Qd4 55. Qc2+ Kb7 56. Nf5 Qh8 57. a5 Qa1+ 58. Ke2 Bxa5 59. Qb3+ Bb6 60.
Qxd5+ Kb8 61. Kf3 1-0

[Event "MCRE_PF11"]
[Site "?"]
[Date "2002.??.??"]
[Round "?"]
[White "Prchly, Milos"]
[Black "Tkac, Leopold"]
[Result "1-0"]
[WhiteElo "2270"]
[BlackElo "2115"]
[PlyCount "91"]
[EventDate "2002.??.??"]
[EventType "schev (corr)"]
[EventRounds "2"]

1. d4 d5 2. c4 c6 3. Nc3 Nf6 4. Nf3 e6 5. Bg5 Nbd7 6. e3 Qa5 7. cxd5 Nxd5 8.
Qd2 Bb4 9. Rc1 f6 10. Bh4 O-O 11. e4 Nxc3 12. bxc3 Ba3 13. Rb1 Nb6 14. e5 fxe5
15. Nxe5 Bd6 16. Bg3 Bxe5 17. Bxe5 Nd7 18. Bg3 e5 19. Bc4+ Kh8 20. O-O Nb6 21.
Bb3 exd4 22. Bd6 Re8 23. Rbe1 Bg4 24. Qxd4 Qg5 25. Re3 Be2 26. Rxe8+ Rxe8 27.
Re1 Bh5 28. Rxe8+ Bxe8 29. f4 Qf6 30. Qc5 Nd5 31. Be5 Qe7 32. Qxe7 Nxe7 33. Be6
Nd5 34. f5 Nf6 35. h3 b5 36. Kf2 c5 37. g4 h6 38. Kg3 Ne4+ 39. Kf4 Ng5 40. h4
Nxe6+ 41. fxe6 Kg8 42. Bd6 c4 43. Bc5 a6 44. Ke5 h5 45. g5 Bg6 46. Kd6 1-0

[Event "MCRE_PF11"]
[Site "?"]
[Date "2002.??.??"]
[Round "?"]
[White "Ryska, Jiri"]
[Black "Hnilicka, Michal"]
[Result "0-1"]
[WhiteElo "2235"]
[BlackElo "2175"]
[PlyCount "106"]
[EventDate "2002.??.??"]
[EventType "schev (corr)"]
[EventRounds "2"]

1. d4 d5 2. g3 Nf6 3. Bg2 e6 4. Nf3 Be7 5. O-O O-O 6. Bf4 b6 7. Ne5 Bb7 8. c4
Qc8 9. b3 dxc4 10. Bxb7 Qxb7 11. bxc4 c5 12. e3 Rd8 13. Nc3 Nbd7 14. Nf3 h6 15.
Qe2 g5 16. Be5 Nxe5 17. dxe5 Nd7 18. Rad1 g4 19. Nh4 Nxe5 20. f4 gxf3 21. Nxf3
Nxf3+ 22. Rxf3 Rxd1+ 23. Nxd1 Rd8 24. Rf1 Bf8 25. Nf2 Bg7 26. Rd1 Qc7 27. a3
Rxd1+ 28. Qxd1 Qe5 29. Qd8+ Kh7 30. Qd3+ f5 31. Nd1 Kg6 32. Kg2 Bf6 33. Kg1 Qe4
34. Qe2 Qb1 35. Kg2 a6 36. Nf2 Qb2 37. Qd3 Qc3 38. Kf3 Qxd3 39. Nxd3 Bc3 40.
Nf4+ Kf7 41. Nd3 Kf6 42. g4 fxg4+ 43. Kxg4 Ke7 44. a4 Kd6 45. Kh5 Bd2 46. e4 b5
47. axb5 axb5 48. cxb5 c4 49. e5+ Kd5 50. b6 Kc6 51. Nc5 Kxb6 52. Nxe6 Be3 53.
Nf8 Kc6 0-1

[Event "MCRE_PF11"]
[Site "?"]
[Date "2002.??.??"]
[Round "?"]
[White "Hnilicka, Michal"]
[Black "Ryska, Jiri"]
[Result "1/2-1/2"]
[WhiteElo "2175"]
[BlackElo "2235"]
[PlyCount "109"]
[EventDate "2002.??.??"]
[EventType "schev (corr)"]
[EventRounds "2"]

1. e4 e5 2. Nf3 Nc6 3. Bb5 a6 4. Ba4 Nf6 5. O-O Be7 6. Re1 b5 7. Bb3 d6 8. c3
O-O 9. d4 Bg4 10. d5 Na5 11. Bc2 c6 12. h3 Bd7 13. a4 cxd5 14. exd5 Qc7 15. Bg5
Nc4 16. b3 Nb6 17. Bxf6 Bxf6 18. a5 Nc8 19. Nbd2 Bd8 20. b4 f5 21. Ra3 Bf6 22.
Nf1 Ne7 23. Ng3 Rac8 24. Bb1 Qb7 25. Qd2 Rc7 26. Nh5 Ng6 27. Nxf6+ Rxf6 28. Ba2
h6 29. Bb3 Be8 30. Nxe5 dxe5 31. d6+ Rcf7 32. Bxf7+ Kxf7 33. Rd1 Nf4 34. f3 Qd7
35. Kh2 Kg8 36. g3 Ng6 37. Qd5+ Kh7 38. Qc5 f4 39. g4 Nh4 40. c4 bxc4 41. Qxe5
Bg6 42. Kg1 Qa4 43. Rxa4 Nxf3+ 44. Kf1 Nxe5 45. Rd5 Nd7 46. Ra1 Re6 47. Kf2 Re3
48. Rd4 Rxh3 49. Rxf4 Rd3 50. Rxc4 Ne5 51. Rc8 Nxg4+ 52. Ke1 Rxd6 53. b5 Ne3
54. Ra2 Bf7 55. Rd2 1/2-1/2

[Event "MCRE_PF11"]
[Site "?"]
[Date "2002.??.??"]
[Round "?"]
[White "Ryska, Jiri"]
[Black "Tkac, Leopold"]
[Result "0-1"]
[WhiteElo "2235"]
[BlackElo "2115"]
[PlyCount "104"]
[EventDate "2002.??.??"]
[EventType "schev (corr)"]
[EventRounds "2"]

1. d4 d5 2. Nf3 e6 3. g3 c5 4. c3 Nf6 5. Bg2 Nc6 6. O-O Bd6 7. b3 O-O 8. dxc5
Bxc5 9. Bg5 h6 10. Bf4 Ne4 11. b4 Bb6 12. a4 g5 13. Be3 Bxe3 14. fxe3 f5 15.
Nfd2 Nf6 16. Nb3 Ng4 17. Qc1 Qb6 18. Nd4 Bd7 19. a5 Qc7 20. Nxc6 Bxc6 21. Bf3
Ne5 22. Na3 Bd7 23. Qd2 Rac8 24. Rfc1 b6 25. axb6 axb6 26. Qd4 Kh7 27. Bg2 Rfd8
28. Rc2 Ba4 29. Rcc1 Bd7 30. Rc2 Ba4 31. Rcc1 Be8 32. Nb1 Nc6 33. Qf6 Qe5 34.
Qxe5 Nxe5 35. Nd2 Ng4 36. Ra6 Rd6 37. Ra7+ Kg6 38. Nf1 Bb5 39. h3 Nf6 40. Kf2
Rdc6 41. Ra3 Rc4 42. Nd2 Rxb4 43. cxb4 Rxc1 44. Ra2 e5 45. Bf1 g4 46. h4 Bc4
47. Rb2 Ne4+ 48. Nxe4 fxe4 49. Bg2 Kf5 50. Bf1 d4 51. Bg2 dxe3+ 52. Kxe3 Rc3+
0-1

[Event "MCRE_PF11"]
[Site "?"]
[Date "2002.??.??"]
[Round "?"]
[White "Ryska, Jiri"]
[Black "Prchly, Milos"]
[Result "0-1"]
[WhiteElo "2235"]
[BlackElo "2270"]
[PlyCount "82"]
[EventDate "2002.??.??"]
[EventType "schev (corr)"]
[EventRounds "2"]

1. c4 Nf6 2. Nc3 d5 3. cxd5 Nxd5 4. Nf3 c5 5. d4 cxd4 6. Qxd4 Nxc3 7. Qxc3 Nc6
8. e4 e6 9. Bd2 Bd7 10. Be2 f6 11. a3 Rc8 12. O-O e5 13. Qb3 Bc5 14. Rfd1 Qb6
15. Qxb6 Bxb6 16. Bc3 Be6 17. Rd6 Ke7 18. Rd2 Rhd8 19. Rxd8 Rxd8 20. Kf1 g5 21.
Nd2 Bd4 22. Rd1 Bxc3 23. bxc3 Rc8 24. Ke1 Nb8 25. Nb1 Nd7 26. h3 Nc5 27. Nd2
Na4 28. Rc1 Rxc3 29. Rxc3 Nxc3 30. Bd3 b5 31. Nf1 a5 32. Kd2 b4 33. axb4 axb4
34. f3 Kd6 35. Ng3 Bf7 36. Nf5+ Kc5 37. Kc2 h5 38. g4 h4 39. Kd2 Na4 40. Ng7 b3
41. Nh5 b2 0-1

[Event "MCRE_PF11"]
[Site "?"]
[Date "2002.??.05"]
[Round "?"]
[White "Tkac, Leopold"]
[Black "Prchly, Milos"]
[Result "0-1"]
[WhiteElo "2115"]
[BlackElo "2270"]
[PlyCount "96"]
[EventDate "2002.??.??"]
[EventType "schev (corr)"]
[EventRounds "2"]

1. c4 Nf6 2. d4 e6 3. Nf3 b6 4. e3 Bb7 5. Bd3 d5 6. cxd5 exd5 7. Bd2 Bd6 8. O-O
O-O 9. Nc3 c5 10. dxc5 bxc5 11. Nb5 Be7 12. Qc2 Nc6 13. Rfd1 Qb6 14. Be2 Rfe8
15. Nc3 Nb4 16. Qf5 Bc8 17. Qb1 Rb8 18. Be1 Bg4 19. b3 h6 20. Ne5 Bxe2 21. Nxe2
Bd6 22. Nf3 Nc6 23. Qc2 Rbd8 24. Rac1 Qa6 25. a3 Rc8 26. Qd3 Qxa3 27. Ra1 c4
28. bxc4 Qxd3 29. Rxd3 Ne5 30. Rdd1 Nxf3+ 31. gxf3 Be5 32. Rxa7 dxc4 33. Bc3
Bxc3 34. Nxc3 Re6 35. Kg2 Rb6 36. f4 Rb3 37. Rc1 g6 38. e4 Kg7 39. e5 Nh5 40.
Ne2 Rd3 41. Rc2 Kf8 42. Rb2 c3 43. Rbb7 c2 44. Rxf7+ Kg8 45. Rac7 Re8 46. h4
Rd2 47. Nc1 Rd1 48. Ne2 c1=Q 0-1

[Event "MCRE_PF11"]
[Site "?"]
[Date "2002.??.05"]
[Round "?"]
[White "Glaser, Karel"]
[Black "Nemec, Zdenek"]
[Result "0-1"]
[WhiteElo "2015"]
[BlackElo "2130"]
[PlyCount "74"]
[EventDate "2002.??.??"]
[EventType "schev (corr)"]
[EventRounds "2"]

1. e4 e5 2. Nf3 Nf6 3. Nxe5 d6 4. Nf3 Nxe4 5. d4 d5 6. Bd3 Nc6 7. O-O Bg4 8. c4
Nf6 9. Nc3 Bxf3 10. Qxf3 Nxd4 11. Qh3 Ne6 12. cxd5 Nxd5 13. Re1 Nxc3 14. bxc3
Qf6 15. Bb5+ c6 16. Bc4 Be7 17. Bxe6 fxe6 18. Rxe6 Qf7 19. Qe3 O-O-O 20. Qh3
Kb8 21. Be3 Bd6 22. Qg4 h5 23. Qe4 Rhf8 24. Re1 g5 25. Kh1 Qf5 26. Qxf5 Rxf5
27. Rd1 Bc7 28. Rxd8+ Bxd8 29. Bd4 Bb6 30. Bxb6 axb6 31. Kg1 Ra5 32. Rh6 Rxa2
33. g3 b5 34. Rxh5 Rc2 35. Rxg5 Rxc3 36. Re5 b4 37. Kf1 b3 0-1

[Event "MCRE_PF11"]
[Site "?"]
[Date "2002.??.??"]
[Round "?"]
[White "Nemec, Zdenek"]
[Black "Glaser, Karel"]
[Result "1/2-1/2"]
[WhiteElo "2130"]
[BlackElo "2015"]
[PlyCount "85"]
[EventDate "2002.??.??"]
[EventType "schev (corr)"]
[EventRounds "2"]

1. e4 e5 2. Nf3 Nc6 3. d4 exd4 4. Nxd4 Nf6 5. Nxc6 bxc6 6. e5 Qe7 7. Qe2 Nd5 8.
c4 Nb6 9. Nd2 Qe6 10. b3 Rb8 11. Nf3 Bb7 12. Bd2 c5 13. Qe3 Be7 14. Bd3 f6 15.
exf6 Qxe3+ 16. Bxe3 Bxf6 17. O-O-O Bxf3 18. gxf3 d6 19. Be4 O-O 20. h4 a5 21.
h5 a4 22. Rhg1 axb3 23. axb3 Nc8 24. Kc2 Ne7 25. Bd2 Be5 26. Ba5 Rbc8 27. Rg5
c6 28. Bc3 Bxc3 29. Kxc3 Rf6 30. Rdg1 Rf7 31. h6 g6 32. Rd1 Rf6 33. Ra1 Rc7 34.
Ra6 Kf7 35. Ra8 Ke6 36. Ra6 Rf8 37. Rg1 Rb7 38. Re1 Kd7 39. Kc2 Rf4 40. Rh1 Rf8
41. Re1 Rc8 42. Rd1 Rf8 43. Re1 1/2-1/2

[Event "MCRE_PF11"]
[Site "?"]
[Date "2002.??.??"]
[Round "?"]
[White "Svrsek, Radomir"]
[Black "Mikoska, Josef"]
[Result "1-0"]
[WhiteElo "2230"]
[BlackElo "2140"]
[PlyCount "41"]
[EventDate "2002.??.??"]
[EventType "schev (corr)"]
[EventRounds "2"]

1. e4 e5 2. Nf3 Nc6 3. Bb5 a6 4. Ba4 Nf6 5. O-O Bc5 6. c3 Ba7 7. d4 exd4 8. e5
Nd5 9. cxd4 Nce7 10. Nc3 Nxc3 11. bxc3 O-O 12. Re1 d5 13. exd6 Qxd6 14. Bc2 Bf5
15. Bxf5 Nxf5 16. Qb3 c5 17. Re4 Ne7 18. Ba3 b6 19. Rd1 Ng6 20. dxc5 bxc5 21.
Rxd6 1-0

[Event "MCRE_PF11"]
[Site "?"]
[Date "2002.??.??"]
[Round "?"]
[White "Tkac, Leopold"]
[Black "Hnilicka, Michal"]
[Result "1-0"]
[WhiteElo "2115"]
[BlackElo "2175"]
[PlyCount "137"]
[EventDate "2002.??.??"]
[EventType "schev (corr)"]
[EventRounds "2"]

1. c4 Nf6 2. d4 g6 3. Nc3 d5 4. f4 c6 5. Nf3 Bg7 6. cxd5 cxd5 7. Ne5 O-O 8. e3
Bf5 9. Be2 Nc6 10. O-O Rc8 11. g4 Be6 12. Bf3 Na5 13. Bg2 Nc4 14. f5 gxf5 15.
gxf5 Bd7 16. Nxc4 Rxc4 17. Nxd5 Nxd5 18. Bxd5 Ba4 19. Qf3 Bc6 20. Bxc6 Rxc6 21.
Rf2 Kh8 22. Kh1 Rg8 23. Bd2 Rc2 24. Qxb7 Rxb2 25. Qxb2 Qa8+ 26. Rg2 Qxg2+ 27.
Kxg2 Bxd4+ 28. Kf3 Bxb2 29. Rb1 Ba3 30. Rb7 Ra8 31. e4 Kg7 32. e5 f6 33. Be3
fxe5 34. Rxa7 Rxa7 35. Bxa7 Kf6 36. Ke4 e6 37. fxe6 Kxe6 38. Bb8 Bb2 39. a4 Bc3
40. Bc7 h6 41. Bb8 Kf6 42. Bd6 Ke6 43. Bc7 h5 44. h3 Bd2 45. Bxe5 Ba5 46. Bf4
Be1 47. Kd4 Kd7 48. Kc5 Kc8 49. Kb6 h4 50. a5 Bg3 51. Be3 Bc7+ 52. Kb5 Kb8 53.
a6 Be5 54. Kc4 Ka8 55. Kd5 Bb8 56. Ke4 Bg3 57. Bd4 Be1 58. Kf3 Bb4 59. Bf2 Be7
60. Kg4 Bf6 61. Bxh4 Bd4 62. Kf3 Bc5 63. Bf6 Ka7 64. h4 Bf8 65. Kf4 Kxa6 66. h5
Kb6 67. Kg5 Kc5 68. Kg6 Kd5 69. Bg7 1-0